| 000 | 00792nas a2200253 4500 | ||
|---|---|---|---|
| 001 | BR0001104 | ||
| 003 | BR-BrBNA | ||
| 005 | 20231205101718.0 | ||
| 007 | ta | ||
| 008 | 230509b bl.|||p| |||| 00| 00por d | ||
| 040 |
_aBR-BrBNA _bpor _cBiblioteca Nacional de Agricultura |
||
| 041 | _a(Pt) | ||
| 072 | _aJ12 | ||
| 100 | 1 | _aGomes, J.I. | |
| 100 | 1 | _aBrandao, A.T. de O. | |
| 245 | 1 | _aContribuicao ao estudo da biodegradacao de algumas madeiras da Amazonia, em contato com a agua | |
| 650 | _aMadeira | ||
| 650 | _aMolusco | ||
| 650 | _aBiodegradacao | ||
| 650 | _aAmazonia | ||
| 773 | 0 |
_tBoletim da Faculdade de Ciencias Agrarias do Para (Brazil) _xISSN 0100-2694 _g(Jul-Dec 1998), (no. 30) p. 65-75 _wBR0001104 |
|
| 909 |
_a202311 _bLúcia _c55 _dLúcia Elande |
||
| 942 |
_2AGRIS _n0 _cANA |
||
| 999 |
_c163431 _d163431 |
||